| 000 | 01503pam a2200373 a 4500 | ||
|---|---|---|---|
| 001 | 13960667 | ||
| 005 | 20070514142551.0 | ||
| 008 | 050510s2005 enk b 001 0 eng | ||
| 010 | _a 2005275519 | ||
| 015 |
_aGBA3U3361 _2bnb |
||
| 016 | 7 |
_a009698080 _2Uk |
|
| 020 | _a0199297967 | ||
| 020 | _a0199297697 | ||
| 020 | _a9780199297962 | ||
| 020 | _a9780198293507 | ||
| 020 | _a019829350X | ||
| 035 | _a(OCoLC)ocm53156681 | ||
| 040 |
_aUKM _cUKM _dBWK _dC#P _dDLC |
||
| 042 | _alccopycat | ||
| 050 | 0 | 0 |
_aJZ1308 _b.C36 2005 |
| 082 | 0 | 0 |
_a341.01 _222 _bCAN |
| 100 | 1 | _aCaney, Simon. | |
| 245 | 1 | 0 |
_aJustice beyond borders : _bA global political theory / _cSimon Caney. |
| 260 |
_aOxford ; _aNew York : _bOxford University Press, _c2005. |
||
| 300 |
_a319 p. ; _c25 cm. |
||
| 504 | _aIncludes bibliographical references and index. | ||
| 650 | 0 | _aInternationalism. | |
| 856 | 4 | 1 |
_3Table of contents only _uhttp://www.loc.gov/catdir/toc/fy054/2005275519.html |
| 856 | 4 | 2 |
_3Publisher description _uhttp://www.loc.gov/catdir/enhancements/fy0636/2005275519-d.html |
| 856 | 4 | 2 |
_3Contributor biographical information _uhttp://www.loc.gov/catdir/enhancements/fy0723/2005275519-b.html |
| 942 |
_2ddc _cBB |
||
| 999 |
_c10873 _d10873 |
||